00810cam a22002777a 4500003000500000005001700005008004100022010001000063011001000073020001500083035001100098040000900109082001800118110000800136245011700144260002400261300006100285410000800346490002200354650002700376650003700403650003100440650003100471810000800502830002200510CHAP20240522143841.0060405d2005 it a rn 00110 eng d a92007 a92979 a9251053499 a103546 cCHAP04a630bF32 v.362 aFAO13aThe state of food and agriculture, 2005:bagricultural trade and poverty : can trade work for the poor?c/by FAO aRome :bFAO,c2005. a197 p. :bilus. ; tablas ; gráfs. + 1 diskett de 3 1/420aFAO 0aAgriculturav; 3604aPolítica agrícola.04aProductos agrícolasxMercadeo.14aAgriculturaxEstadisticas.14aAlimentosxAbastecimiento.0 aFAO 0aAgriculturav; 36